Experience technology: (Record no. 47389)

MARC details
000 -LEADER
fixed length control field 00595nam a22001697a 4500
008 - FIXED-LENGTH DATA ELEMENTS--GENERAL INFORMATION
fixed length control field 161122b xxu||||| |||| 00| 0 eng d
020 ## - INTERNATIONAL STANDARD BOOK NUMBER
International Standard Book Number 9780026469456
050 ## - LIBRARY OF CONGRESS CALL NUMBER
Classification number T65
Item number .S66 1993
100 ## - MAIN ENTRY--PERSONAL NAME
Personal name Soman,Stuart
245 ## - TITLE STATEMENT
Title Experience technology:
Remainder of title Communication,production,transportation and Biotechnology.
260 ## - PUBLICATION, DISTRIBUTION, ETC. (IMPRINT)
Place of publication, distribution, etc Glencoe
Name of publisher, distributor, etc Macmillan/McGraw-hill
Date of publication, distribution, etc 1993
300 ## - PHYSICAL DESCRIPTION
Extent 384p.
Dimensions 28cm.
650 ## - SUBJECT ADDED ENTRY--TOPICAL TERM
Topical term or geographic name as entry element Technology -- Study and teaching (Secondary)
650 ## - SUBJECT ADDED ENTRY--TOPICAL TERM
Topical term or geographic name as entry element Communication -- Study and teaching (Secondary)
650 ## - SUBJECT ADDED ENTRY--TOPICAL TERM
Topical term or geographic name as entry element Transportation -- Study and teaching (Secondary)
942 ## - ADDED ENTRY ELEMENTS (KOHA)
Source of classification or shelving scheme Library of Congress Classification
Item type Book
Holdings
Withdrawn status Lost status Source of classification or shelving scheme Damaged status Not for loan Collection code Home library Current library Shelving location Date acquired Source of acquisition Serial Enumeration / chronology Total Checkouts Full call number Barcode Date last borrowed Copy number Price effective from Koha item type
    Library of Congress Classification     Non-fiction Nairobi Campus Nairobi Campus General Circulation 22/11/2016 Donation 500 1 T65 .S66 1993 048603 21/11/2017 1 22/11/2016 Book